Normal view
MARC view
- Beckson, Mavis Boatemaa.
Entry Personal Name
001 - CONTROL NUMBER
- control field: 60023
003 - CONTROL NUMBER IDENTIFIER
- control field: OSt
005 - DATE AND TIME OF LATEST TRANSACTION
- control field: 20250124175152.0
008 - FIXED-LENGTH DATA ELEMENTS
- fixed length control field: 240903|| aca||aabn | a|a d
040 ## - CATALOGING SOURCE
- Original cataloging agency: OSt
- Transcribing agency: OSt
100 ## - HEADING--PERSONAL NAME
- Personal name: Beckson, Mavis Boatemaa.
- Relator term: author.
670 ## - SOURCE DATA FOUND
- Source citation: Work cat.: (OSt): Clark-Perryman, Staci M. author., Black perspectives in writing program administraction :, 2021.
